000
00281nam a22001337a 4500
008
181004b xxu||||| |||| 00| 0 eng d
020
_a
9780470072776
041
_a
eng
080
_a
370
100
_a
47
101
_a
EDU
245
_a
The Noble Lie
_c
Gary.g
942
_2
udc
_c
BK
999
_c
48854
_d
48854